| 000 | 01127naa a22003377a 4500 | ||
|---|---|---|---|
| 001 | BR7907455 | ||
| 003 | BR-BrBNA | ||
| 005 | 20240918174509.0 | ||
| 007 | ta | ||
| 008 | 230509b bl.||||| |||| 00| 0 por d | ||
| 040 |
_aBR-BrBNA _bpor _cBiblioteca Nacional de Agricultura |
||
| 041 | _a(Pt) | ||
| 072 |
_aL30; L10 _b5212 |
||
| 090 | _aL30 BR7907455 | ||
| 100 | 1 | _aRazook, A.G. | |
| 111 | 1 |
_a2. Simposio sobre Pecuaria de Corte _cPiracicaba, SP (Brazil) _d4 Jul 1978 |
|
| 245 | 1 | _aCrescimento pos-desmama [bovino, novilho, genetica vegetal, ganho de peso] | |
| 260 | 3 |
_aPiracicaba, SP (Brasil): _c1979. |
|
| 500 | _aAnais do 2. Simposio sobre Pecuaria de Corte Piracicaba, SP (Brasil): 1979. p. 114-152 (BR7907455-AM)L30 | ||
| 650 | _aBOVINO | ||
| 650 | _aBEZERRO | ||
| 650 | _aCRESCIMENTO | ||
| 650 | _aGENOTIPO | ||
| 650 | _aGENETICA ANIMAL | ||
| 650 | _aDESMAMA | ||
| 650 | _aCONFINAMENTO | ||
| 650 | _aGANHO DE PESO | ||
| 773 | 0 |
_tAnais do 2. Simposio sobre Pecuaria de Corte _wL30 BR7907455 _gPiracicaba, SP (Brasil), 1979. p. 114-152 |
|
| 909 |
_a202404 _bLucia _c55 _dLucia Elande |
||
| 942 |
_cAM _2AGRIS |
||
| 999 |
_c311607 _d311607 |
||